[Event "Famalicao op 6th"]
[Site "Famalicao"]
[Date "2018.07.30"]
[Round "3"]
[White "Macedo, Adriano Esteves"]
[Black "Ribeiro, Orlando Camilo Duar"]
[Result "1-0"]
[WhiteElo "1937"]
[BlackElo "1443"]
[PlyCount "35"]
[EventDate "2018.07.29"]
[EventType "swiss"]
[EventRounds "9"]
[EventCountry "POR"]
[SourceTitle "CBM 185 Extra"]
[Source "ChessBase"]
[SourceDate "2018.07.29"]
[SourceVersion "1"]
[SourceVersionDate "2018.07.29"]
[SourceQuality "1"]

1. d3 e6 2. e4 d5 3. Nd2 Nf6 4. Ngf3 Be7 5. g3 0-0 6. Bg2 Nbd7 7. 0-0 c6 8. e5 Ne8 9. Re1 Qb6 10. Nf1 Nc7 11. d4 c5 12. c3 f6 13. exf6 Bxf6 14. Ne3 cxd4 15. cxd4 Nb5 16. Nc2 Re8 17. Ng5 Kh8 18. Qh5 1-0

[Event "POR-chT"]
[Site "Maia"]
[Date "2018.07.19"]
[Round "6.3"]
[White "Macedo, Adriano Esteves"]
[Black "Marchena Hurtado, Javier"]
[Result "1/2-1/2"]
[WhiteElo "1937"]
[BlackElo "2354"]
[PlyCount "96"]
[EventDate "2018.07.16"]
[EventType "team-tourn"]
[EventRounds "9"]
[EventCountry "POR"]
[SourceTitle "CBM 185 Extra"]
[Source "ChessBase"]
[SourceDate "2018.07.29"]
[SourceVersion "1"]
[SourceVersionDate "2018.07.29"]
[SourceQuality "1"]
[WhiteTeam "CX A2D"]
[BlackTeam "Porto A"]
[WhiteTeamCountry "POR"]
[BlackTeamCountry "POR"]

1. Nf3 d5 2. g3 c5 3. Bg2 Nf6 4. 0-0 g6 5. b3 Bg7 6. Bb2 0-0 7. c4 Nc6 8. cxd5 Nxd5 9. Bxg7 Kxg7 10. d4 cxd4 11. Nxd4 e5 12. Nxc6 bxc6 13. Qc1 Be6 14. Nc3 Rc8 15. Qb2 f6 16. Rfd1 Qa5 17. Bxd5 cxd5 18. b4 Qc7 19. Nxd5 Qc2 20. Qxc2 Rxc2 21. Ne3 Rxe2 22. Kf1 Rb2 23. Rdb1 Rd2 24. Rc1 f5 25. Ke1 Rfd8 26. Rc7+ R8d7 27. Rxa7 f4 28. Nf1 Rd1+ 29. Rxd1 Rxa7 30. Ra1 Rxa2 31. Rxa2 Bxa2 32. b5 Kf6 33. Kd2 Ke6 34. Kc3 Kd5 35. Nd2 Kc5 36. gxf4 exf4 37. Kd3 Bd5 38. Ne4+ Kxb5 39. Nf6 Kc5 40. Nxh7 Kd6 41. Kd4 Bc6 42. Nf8 g5 43. Nh7 g4 44. Ng5 Bg2 45. h4 gxh3 46. Nxh3 Bxh3 47. Ke4 Ke6 48. Kxf4 Kd5 1/2-1/2

[Event "Famalicao op 4th"]
[Site "Famalicao"]
[Date "2016.08.01"]
[Round "3"]
[White "Macedo, Adriano Esteves"]
[Black "Mendes, Bruno Daniel"]
[Result "1-0"]
[WhiteElo "1906"]
[BlackElo "1265"]
[PlyCount "63"]
[EventDate "2016.07.30"]
[EventType "swiss"]
[EventRounds "7"]
[EventCountry "POR"]
[SourceTitle "CBM 173 Extra"]
[Source "ChessBase"]
[SourceDate "2016.08.29"]
[SourceVersion "1"]
[SourceVersionDate "2016.08.29"]
[SourceQuality "1"]

1. e4 e5 2. Nf3 Nc6 3. Bc4 Bc5 4. c3 Nf6 5. d3 d6 6. Bb3 a6 7. h3 h6 8. Nbd2 Ba7 9. Nf1 Ne7 10. Be3 Be6 11. Bc2 Qd7 12. Bxa7 Rxa7 13. Ng3 Ng6 14. Ne2 0-0 15. Qd2 c6 16. g4 Kh7 17. 0-0-0 Qc7 18. g5 Nh5 19. Kb1 Nhf4 20. gxh6 gxh6 21. Nfg1 Qe7 22. h4 Bg4 23. f3 Be6 24. h5 Nh8 25. Nxf4 exf4 26. Qxf4 f5 27. d4 Qg5 28. Qxd6 Rf6 29. Qc5 Ra8 30. Nh3 Qxh5 31. Qe7+ Qf7 32. Ng5+ 1-0

[Event "POR Cup 38th"]
[Site "Portugal"]
[Date "2016.04.30"]
[Round "3.3"]
[White "Macedo, Adriano Esteves"]
[Black "Moreira, Jose Americo Paiva"]
[Result "0-1"]
[WhiteElo "1916"]
[BlackElo "1835"]
[PlyCount "92"]
[EventDate "2016.02.20"]
[EventType "team-k.o."]
[EventRounds "6"]
[EventCountry "POR"]
[SourceTitle "EXT 2017"]
[Source "ChessBase"]
[SourceDate "2016.10.25"]
[SourceVersion "1"]
[SourceVersionDate "2016.10.25"]
[SourceQuality "1"]
[WhiteTeam "CX A2D"]
[BlackTeam "Porto GX"]
[WhiteTeamCountry "POR"]
[BlackTeamCountry "POR"]

1. Nf3 Nf6 2. g3 g6 3. Bg2 Bg7 4. 0-0 0-0 5. d4 d5 6. c4 c6 7. Nc3 Re8 8. b3 Qb6 9. Ne5 e6 10. e4 dxe4 11. Nxe4 Nxe4 12. Bxe4 Rd8 13. c5 Qb4 14. Qf3 f5 15. Bg5 Rxd4 16. Nxc6 Nxc6 17. Bxc6 bxc6 18. Qxc6 Qb7 19. Qe8+ Bf8 20. Rfd1 Bd7 21. Qxa8 Rxd1+ 22. Rxd1 Qxa8 23. Rxd7 Qc6 24. Rd8 Kf7 25. b4 h6 26. Be3 g5 27. a4 Qxa4 28. Rb8 Qc6 29. f4 Qe4 30. Bf2 a6 31. fxg5 hxg5 32. Rb6 Qc4 33. Be1 Bxc5+ 34. bxc5 Qxc5+ 35. Bf2 Qc4 36. h3 Kf6 37. Be1 Qd4+ 38. Bf2 Qd3 39. Kg2 Qe2 40. Kg1 f4 41. h4 gxh4 42. gxf4 h3 43. Rb1 Qg4+ 44. Kf1 h2 45. Bd4+ Kf5 46. Kf2 Qxf4+ 0-1

[Event "POR CupT Associations"]
[Site "Bombarral"]
[Date "2015.10.18"]
[Round "2.2"]
[White "Constantino, Paulo Jorge R"]
[Black "Macedo, Adriano Esteves"]
[Result "0-1"]
[WhiteElo "1609"]
[BlackElo "1899"]
[PlyCount "54"]
[EventDate "2015.10.17"]
[EventType "team-k.o."]
[EventRounds "3"]
[EventCountry "POR"]
[SourceTitle "EXT 2018"]
[Source "ChessBase"]
[SourceDate "2017.10.13"]
[SourceVersion "1"]
[SourceVersionDate "2017.10.13"]
[SourceQuality "1"]
[WhiteTeam "Bombarral"]
[BlackTeam "CX A2D"]
[WhiteTeamCountry "POR"]
[BlackTeamCountry "POR"]

1. d4 Nf6 2. c4 e6 3. g3 Be7 4. Bg2 0-0 5. Nc3 d5 6. c5 Nbd7 7. Nf3 c6 8. 0-0 Re8 9. b4 Bf8 10. Ne5 Nxe5 11. dxe5 Nd7 12. f4 a5 13. Qa4 Ra6 14. Be3 b6 15. b5 Nxc5 16. Qc2 cxb5 17. Nxb5 Ra8 18. Rab1 Ba6 19. f5 Rc8 20. Qd2 exf5 21. Rxf5 Bxb5 22. Rxb5 Qd7 23. Rxf7 Qxb5 24. Bxd5 Ne6 25. Rb7 Bc5 26. Kg2 Bxe3 27. Bxe6+ Rxe6 0-1

[Event "Famalicao op 3rd"]
[Site "Famalicao"]
[Date "2015.08.06"]
[Round "6"]
[White "Pinho, Paulo Miguel"]
[Black "Macedo, Adriano Esteves"]
[Result "1-0"]
[WhiteElo "2188"]
[BlackElo "1820"]
[PlyCount "57"]
[EventDate "2015.08.02"]
[EventType "swiss"]
[EventRounds "7"]
[EventCountry "POR"]
[SourceTitle "CBM 167 Extra"]
[Source "ChessBase"]
[SourceDate "2015.09.14"]
[SourceVersion "1"]
[SourceVersionDate "2015.09.14"]
[SourceQuality "1"]

1. d4 Nf6 2. c4 e5 3. dxe5 Ne4 4. Nf3 Nc6 5. a3 a5 6. Qc2 d5 7. exd6 Bf5 8. Nc3 Nxd6 9. e4 Bg4 10. c5 Nc8 11. Bg5 N8e7 12. Rd1 Qc8 13. Nb5 Ng6 14. Qc3 f6 15. Bc1 Be7 16. Bc4 Nce5 17. Ba2 c6 18. Nxe5 cxb5 19. Nxg4 Qxg4 20. 0-0 Nh4 21. Qg3 Qxg3 22. hxg3 Ng6 23. Be3 Ne5 24. Bd5 Nc6 25. Rd3 a4 26. b3 Bd8 27. bxa4 bxa4 28. Rb1 Ra7 29. Rxb7 1-0

[Event "Famalicao op 3rd"]
[Site "Famalicao"]
[Date "2015.08.05"]
[Round "5"]
[White "Macedo, Adriano Esteves"]
[Black "Santos, Antonio Pereira"]
[Result "1-0"]
[WhiteElo "1820"]
[BlackElo "2288"]
[PlyCount "35"]
[EventDate "2015.08.02"]
[EventType "swiss"]
[EventRounds "7"]
[EventCountry "POR"]
[SourceTitle "CBM 167 Extra"]
[Source "ChessBase"]
[SourceDate "2015.09.14"]
[SourceVersion "1"]
[SourceVersionDate "2015.09.14"]
[SourceQuality "1"]

1. Nf3 c5 2. g3 d5 3. Bg2 Nc6 4. d3 e6 5. 0-0 Bd6 6. Nbd2 Nge7 7. c4 0-0 8. b3 b6 9. Bb2 d4 10. b4 Rb8 11. b5 Na5 12. Ne4 Bc7 13. Nfd2 f5 14. Ng5 Ng6 15. f4 e5 16. Bd5+ Kh8 17. e3 Qf6 18. Nxh7 1-0

[Event "POR-ch U20"]
[Site "Luso"]
[Date "2014.07.27"]
[Round "7"]
[White "Margarido, Jose Miguel Teixeir"]
[Black "Macedo, Adriano Esteves"]
[Result "1/2-1/2"]
[WhiteElo "1984"]
[BlackElo "1801"]
[PlyCount "43"]
[EventDate "2014.07.23"]
[EventType "swiss"]
[EventRounds "7"]
[EventCountry "POR"]
[SourceTitle "EXT 2015"]
[Source "ChessBase"]
[SourceDate "2014.11.20"]
[SourceVersion "1"]
[SourceVersionDate "2014.11.20"]
[SourceQuality "1"]

1. e4 c5 2. Nf3 e6 3. d4 cxd4 4. Nxd4 a6 5. Nc3 Qc7 6. Bd3 Nc6 7. Be3 Nf6 8. a4 Be7 9. 0-0 0-0 10. Qd2 Nxd4 11. Bxd4 d5 12. exd5 Nxd5 13. Nxd5 exd5 14. Qe2 Bd6 15. Bxh7+ Kxh7 16. Qh5+ Kg8 17. Bxg7 Bxh2+ 18. Kh1 Kxg7 19. Qg5+ Kh7 20. Qh5+ Kg7 21. Qg5+ Kh7 22. Qh5+ 1/2-1/2

[Event "POR-ch prel"]
[Site "Famalicao"]
[Date "2014.07.10"]
[Round "6"]
[White "Macedo, Adriano Esteves"]
[Black "Diogo, Vasco Andre Marcalo"]
[Result "0-1"]
[WhiteElo "1801"]
[BlackElo "2212"]
[PlyCount "50"]
[EventDate "2014.07.06"]
[EventType "swiss"]
[EventRounds "9"]
[EventCountry "POR"]
[SourceTitle "EXT 2015"]
[Source "ChessBase"]
[SourceDate "2014.11.20"]
[SourceVersion "1"]
[SourceVersionDate "2014.11.20"]
[SourceQuality "1"]

1. Nf3 c5 2. c4 Nc6 3. Nc3 g6 4. g3 Bg7 5. Bg2 e5 6. 0-0 Nge7 7. d3 0-0 8. Ne1 Rb8 9. Nc2 a6 10. a4 d6 11. Ne3 g5 12. Ned5 Ng6 13. e4 Nd4 14. Be3 g4 15. Rb1 f5 16. exf5 Bxf5 17. Ne4 b5 18. axb5 axb5 19. Bg5 Qd7 20. Nef6+ Bxf6 21. Nxf6+ Rxf6 22. Bxf6 bxc4 23. Bd5+ Be6 24. Qxg4 Bxd5 25. Qxd7 Ne2# 0-1

[Event "POR-ch prel"]
[Site "Famalicao"]
[Date "2014.07.09"]
[Round "5"]
[White "Macedo, Adriano Esteves"]
[Black "Guimaraes, Rui"]
[Result "1-0"]
[WhiteElo "1801"]
[BlackElo "2082"]
[PlyCount "75"]
[EventDate "2014.07.06"]
[EventType "swiss"]
[EventRounds "9"]
[EventCountry "POR"]
[SourceTitle "EXT 2015"]
[Source "ChessBase"]
[SourceDate "2014.11.20"]
[SourceVersion "1"]
[SourceVersionDate "2014.11.20"]
[SourceQuality "1"]

1. Nf3 g6 2. c4 Bg7 3. d4 c5 4. g3 cxd4 5. Nxd4 Qb6 6. Nb3 Qc6 7. Qd5 Qc7 8. Bg2 Nf6 9. Qc5 Nc6 10. Nc3 d6 11. Qa3 0-0 12. 0-0 Ne5 13. c5 d5 14. Bf4 e6 15. Nd4 Nh5 16. Ndb5 Qb8 17. Bc1 Bd7 18. Qb3 Rc8 19. e4 a6 20. Nd6 Rxc5 21. Nxb7 Rc7 22. Na5 d4 23. Ne2 Bb5 24. Re1 Nd3 25. Rd1 Qb6 26. Rxd3 Qxa5 27. Bd2 Qa4 28. Qxa4 Bxa4 29. e5 Rb8 30. Rxd4 Rxb2 31. Ba5 Rcc2 32. Bc3 Bxe5 33. Rd8+ Kg7 34. Bxe5+ f6 35. Bxb2 Rxb2 36. Nc3 Rb4 37. Rd6 a5 38. Bf3 1-0

[Event "Porto Axis op"]
[Site "Porto"]
[Date "2014.03.15"]
[Round "5"]
[White "Macedo, Adriano Esteves"]
[Black "Pintor, Ariana Maciel Abran"]
[Result "1/2-1/2"]
[WhiteElo "1785"]
[BlackElo "2024"]
[PlyCount "122"]
[EventDate "2014.03.11"]
[EventType "swiss"]
[EventRounds "7"]
[EventCountry "POR"]
[SourceTitle "EXT 2015"]
[Source "ChessBase"]
[SourceDate "2014.11.20"]
[SourceVersion "1"]
[SourceVersionDate "2014.11.20"]
[SourceQuality "1"]

1. Nf3 Nf6 2. g3 g6 3. b3 Bg7 4. Bb2 c5 5. c4 Nc6 6. Bg2 0-0 7. 0-0 d6 8. d4 Bf5 9. Na3 Qa5 10. Nc2 d5 11. Ne3 Be4 12. dxc5 Rfd8 13. Qc1 Bh6 14. Bxf6 exf6 15. cxd5 Rxd5 16. Nc4 Bxc1 17. Nxa5 Bb2 18. Nxc6 bxc6 19. Rad1 Rad8 20. Rxd5 Rxd5 21. Ne1 Bxg2 22. Kxg2 Rd2 23. Kf3 Bc3 24. Nd3 Rxa2 25. Rc1 Bd2 26. Rc4 Ra3 27. b4 a6 28. Rd4 f5 29. Rd6 Bxb4 30. Rxc6 g5 31. Ke3 Bc3 32. Rb6 Ra4 33. Rd6 a5 34. f3 Rc4 35. Ra6 a4 36. c6 Kf8 37. Nf2 Bb2 38. Kd3 Rc3+ 39. Kd2 a3 40. Nd1 Rc5 41. Nxb2 axb2 42. Rb6 Rxc6 43. Rxb2 Rh6 44. Rb5 Rxh2 45. Rxf5 h6 46. g4 Ke7 47. Ra5 Kf6 48. Ke3 Kg6 49. Ra6+ f6 50. Ra2 Rh1 51. Ke4 Rb1 52. Ra4 Rb2 53. e3 Re2 54. Ra3 Rh2 55. Ra7 h5 56. f4 gxf4 57. gxh5+ Rxh5 58. exf4 Rh4 59. Ra8 Kf7 60. Ra7+ Kg6 61. Rb7 Rh5 1/2-1/2

[Event "POR-ch U20"]
[Site "Braga"]
[Date "2013.08.03"]
[Round "2.2"]
[White "Macedo, Adriano Esteves"]
[Black "Ferreira, Miguel"]
[Result "0-1"]
[WhiteElo "1700"]
[BlackElo "1945"]
[PlyCount "98"]
[EventDate "2013.08.02"]
[EventType "swiss"]
[EventRounds "7"]
[EventCountry "POR"]
[SourceTitle "EXT 2015"]
[Source "ChessBase"]
[SourceDate "2014.11.20"]
[SourceVersion "1"]
[SourceVersionDate "2014.11.20"]
[SourceQuality "1"]

1. Nf3 d5 2. c4 e6 3. g3 Nf6 4. Bg2 c6 5. d4 Bd6 6. Nc3 0-0 7. 0-0 Nbd7 8. Nd2 Bc7 9. e4 dxe4 10. Ndxe4 Nxe4 11. Nxe4 h6 12. b3 Nf6 13. Nc3 Qe7 14. Qe2 Rd8 15. Bb2 Bb6 16. d5 cxd5 17. Nxd5 Nxd5 18. cxd5 Bc5 19. Rfe1 Bb4 20. Qg4 e5 21. Qh5 f6 22. Red1 Bd7 23. Qh4 Bb5 24. a3 Ba5 25. b4 Bb6 26. Re1 Qf7 27. a4 Bd3 28. Rac1 Bc7 29. Red1 Bf5 30. Qc4 Bd6 31. Qb3 Rac8 32. Rxc8 Rxc8 33. Rc1 Rxc1+ 34. Bxc1 Qc7 35. Be3 b6 36. Bf1 Bc2 37. Qa2 Qc3 38. a5 Bb3 39. Qe2 Qxb4 40. axb6 axb6 41. Qa6 Bxd5 42. Qxb6 Qe4 43. f3 Qxf3 44. Qd8+ Bf8 45. Bc5 Qh1+ 46. Kf2 Qxh2+ 47. Ke1 Qxg3+ 48. Kd2 Qf4+ 49. Kc3 Qc1+ 0-1

[Event "POR-ch U18"]
[Site "Torres Vedras"]
[Date "2012.08.26"]
[Round "3.3"]
[White "Silva, Luis Neves Da"]
[Black "Macedo, Adriano Esteves"]
[Result "1-0"]
[WhiteElo "2055"]
[BlackElo "1748"]
[PlyCount "65"]
[EventDate "2012.03.25"]
[EventType "swiss"]
[EventRounds "7"]
[EventCountry "POR"]
[SourceTitle "EXT 2015"]
[Source "ChessBase"]
[SourceDate "2014.11.20"]
[SourceVersion "1"]
[SourceVersionDate "2014.11.20"]
[SourceQuality "1"]

1. e4 c5 2. Nf3 d6 3. d4 cxd4 4. Nxd4 Nf6 5. Nc3 a6 6. Be3 e5 7. Nf3 Qc7 8. a4 h6 9. a5 Nbd7 10. Be2 b5 11. axb6 Nxb6 12. Nd2 Be7 13. Bxb6 Qxb6 14. Bb5+ Kf8 15. Nc4 Qc5 16. Nd2 Bb7 17. Bd3 g6 18. Nb3 Qc7 19. Na5 d5 20. Nxb7 Qxb7 21. Nxd5 Nxd5 22. exd5 Qxd5 23. 0-0 a5 24. Re1 Kg7 25. Qe2 Rab8 26. Qxe5+ Qxe5 27. Rxe5 Bf6 28. Rexa5 Bxb2 29. Rd1 Rb7 30. g3 Rd8 31. Rb1 Bc3 32. Rxb7 Bxa5 33. Bc4 1-0